000 00544nam a2200181Ia 4500
999 _c28037
_d28037
003 OSt
005 20210112124027.0
008 190216s9999||||xx |||||||||||||| ||und||
020 _a81262000016
040 _coclc
082 _a894.81
_bSNAM/E
100 _aNamboodiripad, E M S
_95938
245 0 _aEMSinte Sampoorna Krithikal /
_cE M S Namboodiripad
260 _bChintha Publication,
_aTrivandrum:
_c1998.
300 _a383p
650 _aMalayalam Collection
942 _cBK
_2ddc
_h894.81
_iSNAM/E
_k894.81
_mSNAM/E